| 000 | 00691nam a22001577a 4500 | ||
|---|---|---|---|
| 003 | OSt | ||
| 005 | 20151204104133.0 | ||
| 008 | 151204b xxu||||| |||| 00| 0 eng d | ||
| 040 | _cRUA | ||
| 082 | _aFIS AO 2008 B179 Or.1 | ||
| 100 |
_94260 _aAO VEASNA; អោ វាសនា |
||
| 245 | _aMonitoring fish migration through stung chinit fish pass, kompong thom province, ការតាមដានប្រភេទត្រីបំលាស់ទីឆ្លងកាត់សំណង់ជណ្ដើរត្រី នៅស្ទឹងជីនិត ខេត្តកំពង់ធំ. | ||
| 260 |
_aPhnom Penh _bRUA _c2008 |
||
| 300 |
_axi; 45p. _bill. _c29cm. |
||
| 942 |
_2ddc _cFIS |
||
| 999 |
_c3976 _d3976 |
||